000 00610nam a2200217Ia 4500
001 7792
003 GE_BSU
008 181216s||||||||xx |||||||||||||| ||und||
040 _cGE_BSU
080 _a621.38(075.8)
100 _aКаганов,И.Л.
245 _aПромышленная электроника(общий курс).
245 _bУчебник.
245 _cРед.В.В.Данилова.
260 _aМ.
260 _bВысшая школа.
260 _c1968.
300 _a559стр. илл. 22см.
653 _aПромышленная электроника.
942 _cBK
999 _c41142
_d41142